Statistics for Playable Characters in Grand Theft Auto

Click here to take the quiz!

General Stats

  • This quiz has been taken 12 times
  • The average score is 8 of 30

Answer Stats

GameCharacter% Correct
San AndreasCarl Johnson
92%
Vice CityTommy Vercetti
83%
VFranklin Clinton
67%
VMichael de Santa
67%
IVNiko Bellic
67%
IIIClaude
58%
VTrevor Philips
58%
2Claude Speed
50%
The Ballad of Gay TonyLuis Fernando Lopez
50%
The Lost and DamnedJohnny Klebitz
42%
AdvanceMike
42%
Vice City StoriesVictor Vance
33%
Chinatown WarsHuang Lee
25%
Liberty City StoriesAntonio Cipriani
17%
1Bubba
17%
London, 1969 and London, 1961Charles Jones
0%
1Divine
0%
London, 1969 and London, 1961Johnny Hawthorne
0%
1Katie
0%
1Kivlov
0%
London, 1969 and London, 1961Maurice Caine
0%
London, 1969 and London, 1961Mick Casey
0%
1Mikki
0%
London, 1969 and London, 1961Rodney Morash
0%
London, 1969 and London, 1961Sid Vacant
0%
1Travis
0%
1Troy
0%
1Ulrika
0%
London, 1969 and London, 1961Winston Henry
0%
London, 1969 and London, 1961Wolfie Vilans
0%

Score Distribution

Percentile by Number Answered

Percent of People with Each Score

Your Score History

You have not taken this quiz